Statistics for Countries Closest to Algeria - One Minute Sprint

Click here to take the quiz!

General Stats

  • This quiz has been taken 106 times
  • The average score is 16 of 20

Answer Stats

kmcountrymiles% Correct
0Tunisia0
99%
0Morocco0
97%
0Libya0
94%
0Mali0
91%
0Niger0
91%
68Spain43
91%
0Mauritania0
90%
214Italy133
87%
312Chad194
85%
521Portugal324
82%
494France307
80%
500Malta311
75%
601Nigeria374
74%
613Burkina Faso381
70%
642Vatican City399
70%
838San Marino521
64%
637Andorra396
63%
739Monaco459
60%
733Benin456
46%
0Western Sahara0
46%

Score Distribution

Percentile by Number Answered

Percent of People with Each Score

Your Score History

You have not taken this quiz